Ejercicios de aritmética (Record no. 129442)

MARC details
000 -LEADER
campo de control de longitud fija 00673nam a2200181 i 4500
001 - NÚMERO DE CONTROL
campo de control 129442
003 - IDENTIFICADOR DE NÚMERO DE CONTROL
campo de control ES-MaACL
005 - FECHA Y HORA DE LA ÚLTIMA TRANSACCIÓN
campo de control 20230906193512.0
007 - CAMPO FIJO DE DESCRIPCIÓN FÍSICA--INFORMACIÓN GENERAL
campo de control de longitud fija t|
008 - DATOS DE LONGITUD FIJA--INFORMACIÓN GENERAL
campo de control de longitud fija 070614s1913 sp ||||1| spa d
100 1# - ENTRADA PRINCIPAL--NOMBRE DE PERSONA
Nombre de persona Terry y Rivas, Antonio.
9 (RLIN) 109807
245 10 - MENCIÓN DEL TÍTULO
Título Ejercicios de aritmética
Resto del título : parte originales y parte escogidos de los principales autores que tratan de la materia /
Mención de responsabilidad, etc. por Antonio Terry y Rivas.
250 ## - MENCION DE EDICION
Mención de edición 10ª ed.
Resto de la mención de edición aumentada con numerosos ejercicios de números aproximados por M. Durán.
260 ## - PUBLICACIÓN, DISTRIBUCIÓN, ETC.
Lugar de publicación, distribución, etc. Madrid :
Nombre del editor, distribuidor, etc. Nicolas Moya,
Fecha de publicación, distribución, etc. 1913.
300 ## - DESCRIPCIÓN FÍSICA
Extensión 316 p. ;
Dimensiones 21 cm.
700 1# - ENTRADA AGREGADA--NOMBRE PERSONAL
Nombre de persona Durán Walkiushaw, Miguel.
9 (RLIN) 46239
852 ## - LOCALIZACIÓN
Ubicación ES-MaACL
Número de control de estantería A-1197
Holdings
Estatus retirado Estado de pérdida Estado de daño No para préstamo Biblioteca de origen Biblioteca actual Ubicación en estantería Fecha de adquisición Fuente de adquisición Total de préstamos Signatura topográfica completa Código de barras Visto por última vez Precio de reemplazo Tipo de ítem Koha
        Biblioteca del Ateneo de Madrid Biblioteca del Ateneo de Madrid Sala Pecera Planta 1 17/01/2008     A-1197 1134795 23/02/2023 23/02/2023 Libro impreso